Sports Quiz

Random Sports or WWE Quiz

Every WWF/WWE Raw Match Winner Part 3-1995 Quiz Stats

Quiz not verified by Sporcle

Challenge
Share
Tweet
Embed
Score 0/58 Timer 10:00
0 Plays Today
Wrestler % Correct
Owen Hart
98%
Shawn Michaels
98%
Bret Hart
96.7%
The British Bulldog
94.7%
Diesel
94%
Razor Ramon
93.4%
Billy Gunn
92.7%
Bart Gunn
92.7%
Mo
92.7%
The 1-2-3 Kid
91.4%
Mabel
89.4%
Bam Bam Bigelow
89.4%
The Undertaker
87.4%
Jeff Jarrett
86.8%
Tatanka
86.8%
Lex Luger
85.4%
Jerry Lawler
85.4%
Savio Vega
85.4%
Yokozuna
84.8%
IRS
82.8%
Bob Holly
82.1%
Fatu
81.5%
Sid
81.5%
Henry O. Godwinn
80.1%
Goldust
80.1%
Skip
79.5%
Marty Jannetty
78.8%
Ahmed Johnson
78.1%
King Kong Bundy
77.5%
Wrestler % Correct
Kama
74.2%
Hunter Hearst Helmsley
72.8%
Doink
71.5%
Adam Bomb
67.5%
Isaac Yankem
67.5%
Hakushi
66.9%
Eli Blu
66.2%
Jacob Blu
65.6%
Bob Backlund
65.6%
Duke 'The Dumpster' Droese
64.9%
Aldo Montoya
64.9%
Dean Douglas
64.2%
The Roadie
62.3%
Alundra Blayze
61.6%
Mantaur
55.6%
Bertha Faye
54.3%
Samu
50.3%
Waylon Mercy
43%
Man Mountain Rock
42.4%
Jean Pierre Lafitte
38.4%
Aja Kong
29.1%
Buddy Landell
27.8%
Avatar
19.9%
Howard Finkel
19.2%
Troy
17.2%
Travis
15.2%
Wolfie D
6.6%
J.C Ice
6%
Tomoko Wannabe
0.7%

You're not logged in!

Compare scores with friends on all Sporcle quizzes.
Sign Up with Email
OR
Log In

You Might Also Like...

Show Comments

Extras

Top Quizzes Today


Score Distribution

Your Account Isn't Verified!

In order to create a playlist on Sporcle, you need to verify the email address you used during registration. Go to your Sporcle Settings to finish the process.